000 00757cam a22002172 4500
001 0000013539
005 20151217161144.0
008 090910s xx 000 0 eng d
020 _a091191000x :
040 _aKABU
_cKABU
245 1 4 _aThe Merck index :
_ban encyclopedia of chemicals, drugs, and biologicals /
_cMaryadele J. O'Neil, editor ... [et al.].
250 _a14th ed.
260 _aWhitehouse Station, NJ. :
_bMerck,
_c2006.
300 _a1 v. (various pagings) +
_e1 CD-ROM.
650 0 _aDrugs
_vDictionaries.
_@0000170974
650 0 _aChemicals
_vDictionaries.
_@0000170975
650 0 _aBiomolecules
_vDictionaries.
_@0000170976
852 1 _9p5780 KES
908 _a090910
950 _@1
999 _c15131
_d15131